|
|
|
|
| LEADER |
01025cam a2200265 a 4500 |
| 001 |
c000104322 |
| 003 |
CARM |
| 005 |
19981223000000.0 |
| 008 |
981223s1975 vra b f000 0 eng d |
| 019 |
1 |
|
|a 9069389
|5 LACONCORD2021
|
| 035 |
|
|
|a (OCoLC)221101451
|5 LACONCORD2021
|
| 040 |
|
|
|a VU
|b eng
|c VU
|
| 042 |
|
|
|a anuc
|
| 082 |
0 |
4 |
|a 016.697
|2 21
|
| 100 |
1 |
|
|a Dunston, Gail.
|
| 245 |
1 |
0 |
|a Air conditioning computer rooms :
|b a bibliography /
|c Gail Dunston.
|
| 260 |
|
|
|a [Hawthorn :
|b Dept. of Construction],
|c 1975.
|
| 300 |
|
|
|a [5] leaves ;
|c 30 cm.
|
| 500 |
|
|
|a "September 1975"
|
| 650 |
|
0 |
|a Air conditioning
|x Bibliography.
|
| 650 |
|
0 |
|a Electronic data processing departments
|x Air conditioning
|x Bibliography.
|
| 710 |
1 |
|
|a Australia.
|b Dept. of Construction.
|b Central Office Library.
|
| 852 |
8 |
|
|b CARM
|h A2:AK29C3
|i D03560
|p 0127744
|f BK
|
| 999 |
f |
f |
|i b6817a81-c975-554f-b290-0c9eb5003d59
|s 24f30d74-c811-569d-9bd7-de6bcd003976
|
| 952 |
f |
f |
|p Can circulate
|a CAVAL
|b CAVAL
|c CAVAL
|d CARM 1 Store
|e D03560
|f A2:AK29C3
|h Other scheme
|i book
|m 0127744
|